000 01663cam a22004934i 4500
003 PE-LiUPU
005 20251113111140.0
008 150616s r 000 0 d
035 _a(Sirsi) a6230
035 _a(Sirsi) a6230
040 _aPE-LiUPU
_bspa
_cPE-LiUPU
_erda
049 _aPRUA
082 0 4 _a220.3
_bE56
_223
245 0 0 _aEnciclopedia de la Biblia /
_c[dirección técnica, Alejandro Díez-Macho, M.S.C., Sebastián Bartina, S.I ; colaboradores Nikolaus Adler .. et al.].
264 1 _aBarcelona :
_bEdiciones Garriga, S.A.,
_c1963.
300 _a1255 páginas :
_bilustraciones ;
_c27 cm.
336 _atext
_2rdacontent
337 _aunmediated
_2rdamedia
338 _avolume
_2rdacarrier
504 _aBibliografía al final de cada capítulo.
505 0 _a1. A-B (XXXII p., 1255 p.) -- 2. C-EM (XXVIII p., 1251 p.) -- 3. EN-HI (XXVIII p., 1302 p.) -- 4. HO-MA (XXVIII p., 1387 p.) -- 5. (ME-P (XXVIII p., 1362 p.) -- 6. Q-Z (XXVIII p., 1399 p.)
526 _aSEG44
526 _aSEG26
526 _aP151
526 _aP150
526 _aP149
526 _aP146
526 _aP145
526 _aP126
526 _aP125
526 _aP92
526 _aP75
526 _aP74
526 _aP27
526 _aP15
630 1 4 _aBiblia
_vEnciclopedias.
_2lemb
700 1 _aDíez- Macho, Alejandro,
_edirector.
700 1 _aBartina, Sebastián,
_edirector.
910 _ajck
942 _2ddc
_cBK
980 _818226
_gJaime Vilcazán Jefe de Análisis Documental
999 _c57342
_d57342